Inside coreldraw
| Main Author: | |
|---|---|
| Format: | Book |
| Published: |
Oregon :
New Riders Publishing ,
1991
|
| Edition: | 2nd ed |
| Subjects: |
MARC
| LEADER | 00000cam a2200000 7i4500 | ||
|---|---|---|---|
| 001 | 0000000367 | ||
| 002 | 000000443 | ||
| 005 | 20000330.0 | ||
| 020 | |a 1562050125 | ||
| 090 | 0 | 0 | |a 006.6869 |b GRA |
| 100 | 1 | |a Gray, Daniel | |
| 245 | 1 | 0 | |a Inside coreldraw |c Daniel Gray |
| 250 | |a 2nd ed | ||
| 260 | |a Oregon : |b New Riders Publishing , |c 1991 | ||
| 300 | |a 400p ; |c 24cm. | ||
| 650 | 0 | 0 | |a Corel Draw [Computer program] |
| 999 | |a 029591 |b BUKU |c PINJAMAN |e PERPUSTAKAAN KOMUNITI PETALING JAYA | ||